Welcome to CU Library Online Public Access Catalogue (OPAC)

THE SPIRIT-FILLED BELIEVER'S (Record no. 7498)

MARC details
000 -LEADER
fixed length control field 00300nam a22001217a 4500
005 - DATE AND TIME OF LATEST TRANSACTION
control field 20250910092934.0
008 - FIXED-LENGTH DATA ELEMENTS--GENERAL INFORMATION
fixed length control field 250910b |||||||| |||| 00| 0 eng d
100 ## - MAIN ENTRY--PERSONAL NAME
Personal name MILLS DICK
245 ## - TITLE STATEMENT
Title THE SPIRIT-FILLED BELIEVER'S
260 ## - PUBLICATION, DISTRIBUTION, ETC.
Place of publication, distribution, etc. TULSA
Name of publisher, distributor, etc. HARRISON HOUSE
Date of publication, distribution, etc. c1995
300 ## - PHYSICAL DESCRIPTION
Extent 366p
942 ## - ADDED ENTRY ELEMENTS (KOHA)
Source of classification or shelving scheme Library of Congress Classification
Koha item type Books
Suppress in OPAC No
999 ## -
-- 7498
-- 7498
Holdings
Withdrawn status Lost status Source of classification or shelving scheme Damaged status Not for loan Collection Home library Current library Shelving location Date acquired Total checkouts Barcode Date last seen Copy number Price effective from Koha item type
    Library of Congress Classification     Non-fiction Undergraduate Library (Christ Temple) Undergraduate Library (Christ Temple) General stacks 09/10/2025   ULCT00004679 09/10/2025 1 09/10/2025 Books
© 2023-2024 Copyright: Central University Libraries. All Rights Reserved | Created by: Mahone Tech Office